Aspectos de la educación musical en México (Record no. 62835)

MARC details
000 -CABECERA
campo de control de longitud fija 00620nam a2200217 a 4500
005 - FECHA Y HORA DE LA ÚLTIMA TRANSACCIÓN
campo de control 20210219152859.0
008 - ELEMENTOS DE LONGITUD FIJA--INFORMACIÓN GENERAL
campo de control de longitud fija 991125n 000 0 u
035 ## - NÚMERO DE CONTROL DEL SISTEMA
Número de control de sistema UPN01000064973
100 ## - ASIENTO PRINCIPAL--NOMBRE PERSONAL
Nombre de persona DULTZIN DUBIN, Susana
222 ## - TÍTULO CLAVE
Título clave EDUCACION : REVISTA DEL CONSEJO NACIONAL TÉCNICO DE LA EDUCACIÓN
245 ## - MENCIÓN DE TÍTULO
Título Aspectos de la educación musical en México
300 ## - DESCRIPCIÓN FÍSICA
Extensión 81-104
362 ## - FECHAS DE PUBLICACIÓN Y/O DESIGNACIÓN SECUENCIAL
Fecha de publicación y/o designación secuencial 1982 4ê época, vol. 8, no. 41 jul.-sep.
653 0# - TERMINO DE INDIZACION - NO CONTROLADO
Término no controlado EDUCACION ARTISTICA
653 0# - TERMINO DE INDIZACION - NO CONTROLADO
Término no controlado EDUCACION MUSICAL
653 0# - TERMINO DE INDIZACION - NO CONTROLADO
Término no controlado INBA
653 0# - TERMINO DE INDIZACION - NO CONTROLADO
Término no controlado MEXICO
653 0# - TERMINO DE INDIZACION - NO CONTROLADO
Término no controlado MUSICA
904 ## - ELEMENTOS DE DATOS D LOCAL, LDD (RLIN)
a AC
b 002784
905 ## - TIPO DE MATERIAL
Tipo de material Articulo

No items available.